Estrategias de Chile frente a la integración latinoamericana: escenarios y desafíos actuales
Furkejuvvon:
| Váldodahkki: | |
|---|---|
| Materiálatiipa: | Girji |
| Giella: | espánnjágiella |
| Almmustuhtton: |
Santiago
Fundación Friedrich Naumann
1994
|
| Ráidu: | Serie contribuciones
|
| Fáttát: | |
| Fáddágilkorat: |
Lasit fáddágilkoriid
Eai fáddágilkorat, Lasit vuosttaš fáddágilkora!
|
MARC
| LEADER | 00000nam a2200000 a 4500 | ||
|---|---|---|---|
| 001 | UCY2772 | ||
| 003 | CL-VaPUC | ||
| 008 | 941116e19940000CL |||||||||||||||||spa|d | ||
| 082 | 0 | 4 | |a 338.91 |b FIG |2 21 |
| 100 | 0 | |a Figueroa H., Gonzalo |e author |9 330880 | |
| 245 | 1 | 0 | |a Estrategias de Chile frente a la integración latinoamericana: escenarios y desafíos actuales |
| 300 | |a 56 h | ||
| 942 | |c BK | ||
| 945 | |d 19941116 00:00:00 |a rbrito | ||
| 260 | |a Santiago |b Fundación Friedrich Naumann |c 1994 | ||
| 650 | 0 | |a Integración económica |9 255024 | |
| 651 | 0 | |a América Latina |9 255027 | |
| 583 | |a last modification |c 19941116 00:00:00 |k Rodrigo Vera | ||
| 490 | 0 | |a Serie contribuciones | |
| 999 | |c 231095 |d 231093 | ||
| 952 | |0 0 |1 0 |4 0 |6 338_910000000000000_FIG_1994 |7 0 |8 A |9 233928 |a BIBENE |b BIBENE |d 2019-11-15 |i 3033260 |o 338.91 FIG 1994 |p 3033260 |r 2025-01-15 |w 2019-11-15 |y BK |k ICO | ||
| 952 | |0 0 |1 0 |4 0 |6 338_910000000000000_FIG_1994 |7 0 |8 A |9 233929 |a BIBENE |b BIBENE |d 2019-11-15 |i 3033279 |o 338.91 FIG 1994 |p 3033279 |r 2025-01-15 |w 2019-11-15 |y BK |k ICO | ||